• 首页
  • 本馆介绍
  • 公告通知
  • 最新文献
  • 馆藏检索
  • 电子资源
  • 读者导购
  • 参考咨询
  • 我的图书馆
  • 登录
  • 详细信息显示
  • 放入我的书架
  • 预约/预借图书
  • 作者相关作品
  • 分类相关作品
  • 丛书相关作品
  • 出版社相关作品

书目信息

  • 表格格式
  • 工作单格式
  • 卡片格式
题名:
一九七五年海城地震
    
 
作者: 朱凤鸣 编著
分册:  
出版信息: 北京   地震出版社  1982
页数: 220页
开本: 25cm
丛书名:
单 册:
中图分类: P316.231
科图分类:
主题词: 大地震--海城市--1975
电子资源:
ISBN:
000 00625nam0 2200229 45
001 0182005852
005 20061122082905.57
010    @dCNY1.50
091    @a13180.189
100    @a19950104d1982 em y0chiy0121 ea
101 0  @achi
102    @aCN@b110000
105    @ay z 000yy
200 10 @a一九七五年海城地震@Ayi jiu qi wu nian hai cheng di zhen@f朱凤呜等编著
210    @a北京@c地震出版社@d1982
215    @a220页@d25cm
606    @a大地震@y海城市@z1975
690    @aP316.231@v3
701  0 @a朱凤鸣@Azhu feng ming@4编著
801  0 @aCN@bTSSF@c20061122
801  2 @aCN@bNLC@c20060809
905    @a10447@dP316.231@e7
    
    一九七五年海城地震/朱凤呜等编著.-北京:地震出版社,1982
    220页;25cm
    
    
    ISBN :CNY1.50
    
●
相关链接 在E读中查询图书 在五车中查询图书 在当当中查询图书 在豆瓣中查询图书


正题名:一九七五年海城地震     索取号:P316.231/7         预约/预借

序号 登录号 条形码 馆藏地/架位号 状态 备注
1 0080473   202105792   第二样本阅览室/ [索取号:P316.231/7] 在馆    
唐山师范学院图书馆 欢迎您!
大连网信软件有限公司© 版权所有